Investor sprievodca vo svete financií
Enregistré dans:
| Format: | Publication en série |
|---|---|
| Langue: | slovaque |
| Publié: |
Bratislava
ECOPRESS
2004
|
| Sujets: | |
| Tags: |
Pas de tags, Soyez le premier à ajouter un tag!
|
MARC
| LEADER | 00000nas2a2200000 4500 | ||
|---|---|---|---|
| 001 | 0069647 | ||
| 005 | 20080124130035.3 | ||
| 022 | |a 1335-8235 | ||
| 041 | 0 | |a slo | |
| 044 | |a SK | ||
| 245 | 1 | 0 | |a Investor |b sprievodca vo svete financií |
| 264 | 1 | |a Bratislava |b ECOPRESS |c 2004 | |
| 773 | 0 | |w eu_un_cat*s124903 | |
| 610 | 2 | 0 | |a trh kapitálový |
| 610 | 2 | 0 | |a investovanie |